[Event "HUN-chT2 Barcza 1819"]
[Site "Hungary"]
[Date "2019.03.10"]
[Round "9.11"]
[White "Nemeth, Mark"]
[Black "Kacsandi, Lili Fruzsina"]
[Result "0-1"]
[WhiteElo "1364"]
[BlackElo "1823"]
[PlyCount "90"]
[EventDate "2018.09.23"]
[EventType "team-tourn"]
[EventRounds "11"]
[EventCountry "HUN"]
[SourceTitle "EXT 2021"]
[Source "ChessBase"]
[SourceDate "2020.10.23"]
[SourceVersion "1"]
[SourceVersionDate "2020.10.23"]
[SourceQuality "1"]
[WhiteTeam "Debrecen Sakkbaratok"]
[BlackTeam "Debrecen Sakkiskola"]
[WhiteTeamCountry "HUN"]
[BlackTeamCountry "HUN"]

1. e4 e5 2. Nf3 Nc6 3. Bb5 a6 4. Bxc6 dxc6 5. 0-0 Bd6 6. h3 Bd7 7. d4 Qe7 8. Nc3 exd4 9. Qxd4 f6 10. Re1 Bc5 11. Qd3 0-0-0 12. Rd1 Nh6 13. Qe2 Nf7 14. Bf4 g5 15. Bg3 h5 16. h4 gxh4 17. Bxh4 Rdg8 18. Na4 Bh3 19. g3 Bg4 20. Nxc5 Ne5 21. Qe3 Nxf3+ 22. Kh1 Nxh4 23. gxh4 Bxd1 24. Rxd1 Qg7 25. Qh3+ Qg4 26. Kh2 f5 27. Qxg4 Rxg4 28. f3 Rg7 29. Ne6 Re7 30. Ng5 Rd7 31. Rc1 fxe4 32. fxe4 Rd2+ 33. Kg3 Rf8 34. a4 Rff2 35. b4 Rxc2 36. Re1 Rfe2 37. Rf1 Rg2+ 38. Kf3 Ra2 39. Nh7 Rg6 40. e5 Rxa4 41. Nf6 Rxb4 42. Nxh5 Rxh4 43. Nf4 Rg8 44. e6 Rxf4+ 45. Kxf4 Rf8+ 0-1

[Event "HUN-chT2 Barcza 1819"]
[Site "Hungary"]
[Date "2018.12.02"]
[Round "5.11"]
[White "Vagner, Gergo"]
[Black "Kacsandi, Lili Fruzsina"]
[Result "0-1"]
[WhiteElo "1749"]
[BlackElo "1823"]
[PlyCount "72"]
[EventDate "2018.09.23"]
[EventType "team-tourn"]
[EventRounds "11"]
[EventCountry "HUN"]
[SourceTitle "CBM 189 Extra"]
[Source "ChessBase"]
[SourceDate "2019.06.03"]
[SourceVersion "1"]
[SourceVersionDate "2019.06.03"]
[SourceQuality "1"]
[WhiteTeam "Tiszavasvar"]
[BlackTeam "Debrecen Sakkbaratok"]
[WhiteTeamCountry "HUN"]
[BlackTeamCountry "HUN"]

1. d4 Nf6 2. c4 g6 3. Nc3 d5 4. f3 Bg7 5. e3 0-0 6. Bd3 c5 7. Nge2 Nc6 8. cxd5 Nxd5 9. Nxd5 Qxd5 10. e4 Qd8 11. dxc5 Qa5+ 12. Kf2 Rd8 13. Qb3 Nd4 14. Nxd4 Bxd4+ 15. Ke2 Qxc5 16. Bd2 Be6 17. Qb4 Qxb4 18. Bxb4 Bxb2 19. Bxe7 Bxa1 20. Bxd8 Be5 21. Bg5 Bxa2 22. Be3 a6 23. g3 b5 24. f4 Bc3 25. Rc1 b4 26. e5 a5 27. h4 a4 28. Bc5 a3 29. Be4 Ra5 30. Bb6 Ra6 31. Bc5 Bc4+ 32. Kf3 a2 33. Rd1 h5 34. f5 a1Q 35. Rd8+ Kh7 36. fxg6+ Rxg6 0-1

[Event "HUN-chT2 Barcza 1819"]
[Site "Hungary"]
[Date "2018.09.23"]
[Round "1.10"]
[White "Kacsandi, Lili Fruzsina"]
[Black "Kovacs, Laszlo1111"]
[Result "0-1"]
[WhiteElo "1823"]
[BlackElo "2088"]
[PlyCount "40"]
[EventDate "2018.09.23"]
[EventType "team-tourn"]
[EventRounds "11"]
[EventCountry "HUN"]
[SourceTitle "CBM 189 Extra"]
[Source "ChessBase"]
[SourceDate "2019.06.03"]
[SourceVersion "1"]
[SourceVersionDate "2019.06.03"]
[SourceQuality "1"]
[WhiteTeam "Debrecen Sakkbaratok"]
[BlackTeam "Miskolc Kisbocsok"]
[WhiteTeamCountry "HUN"]
[BlackTeamCountry "HUN"]

1. e4 e6 2. d4 d5 3. Bd3 dxe4 4. Bxe4 Nf6 5. Bd3 c5 6. dxc5 Bxc5 7. Nf3 Nc6 8. 0-0 Nb4 9. Ne5 0-0 10. a3 Nxd3 11. Qxd3 Qxd3 12. Nxd3 Bd6 13. Nc3 Bd7 14. Bg5 Bc6 15. Rad1 Rfd8 16. f4 a5 17. Ne5 Bc5+ 18. Kh1 Rxd1 19. Rxd1 Ne4 20. Nxc6 Nf2+ 0-1

[Event "HUN-chT2 Barcza 1718"]
[Site "Hungary"]
[Date "2017.11.26"]
[Round "4.9"]
[White "Kacsandi, Lili Fruzsina"]
[Black "Kovacs, Tamas"]
[Result "0-1"]
[WhiteElo "1849"]
[BlackElo "2103"]
[PlyCount "80"]
[EventDate "2017.09.24"]
[EventType "team-tourn"]
[EventRounds "11"]
[EventCountry "HUN"]
[SourceTitle "EXT 2021"]
[Source "ChessBase"]
[SourceDate "2020.10.23"]
[SourceVersion "1"]
[SourceVersionDate "2020.10.23"]
[SourceQuality "1"]
[WhiteTeam "Debrecen Sakkbaratok"]
[BlackTeam "Lillafured DVTK II"]
[WhiteTeamCountry "HUN"]
[BlackTeamCountry "HUN"]

1. e4 c5 2. Nc3 g6 3. g3 Nc6 4. Bg2 Bg7 5. d3 d6 6. Be3 e5 7. Qd2 Nd4 8. Nd1 Nf6 9. c3 Ne6 10. h3 0-0 11. Ne2 Nh5 12. 0-0 f5 13. exf5 gxf5 14. f4 Qc7 15. Nf2 Bd7 16. Bf3 Nf6 17. g4 Bc6 18. Bxc6 Qxc6 19. gxf5 exf4 20. Nxf4 Ng5 21. Ne4 Ngxe4 22. dxe4 Nxe4 23. Qd5+ Qxd5 24. Nxd5 Rae8 25. Rf3 Rf7 26. Raf1 Be5 27. Bf4 Rxf5 28. Re1 Bxf4 29. Rxf4 Rxd5 30. Rexe4 Rxe4 31. Rxe4 Rd1+ 32. Kf2 Rd2+ 33. Re2 Rxe2+ 34. Kxe2 d5 35. Ke3 Kf7 36. a4 Kf6 37. Kf4 b6 38. b3 a6 39. h4 a5 40. h5 h6 0-1

[Event "HUN-ch U14 Girls"]
[Site "Balatonlelle"]
[Date "2016.06.27"]
[Round "5"]
[White "Kacsandi, Lili Fruzsina"]
[Black "Gombocz, Judit"]
[Result "1-0"]
[WhiteElo "1604"]
[BlackElo "1226"]
[PlyCount "81"]
[EventDate "2016.06.24"]
[EventType "tourn"]
[EventRounds "9"]
[EventCountry "HUN"]
[SourceTitle "CBM 173 Extra"]
[Source "ChessBase"]
[SourceDate "2016.08.29"]
[SourceVersion "1"]
[SourceVersionDate "2016.08.29"]
[SourceQuality "1"]

1. e4 e5 2. Nf3 Nf6 3. Nxe5 d6 4. Nf3 Nxe4 5. Nc3 d5 6. Qe2 Qe7 7. Nxd5 Qd6 8. Qxe4+ Be6 9. Nf4 Be7 10. Nxe6 fxe6 11. Qxb7 0-0 12. Be2 Nc6 13. Qb3 Rab8 14. Qd3 Qc5 15. 0-0 Nb4 16. Qc4 Qxc4 17. Bxc4 Nxc2 18. Bxe6+ Kh8 19. Rb1 Rb6 20. Bb3 Nb4 21. d4 c5 22. dxc5 Bxc5 23. Be3 Bxe3 24. fxe3 Re8 25. Rbd1 Rbb8 26. Rfe1 Nc6 27. Ba4 Rec8 28. Bxc6 Rxc6 29. b3 h6 30. e4 Re8 31. e5 Rcc8 32. Rc1 Rb8 33. Rc7 Ra8 34. e6 a6 35. e7 a5 36. Nd4 Kh7 37. Nb5 Rg8 38. Nd6 Rab8 39. e8Q Rgxe8 40. Nxe8 Rxe8 41. Rxe8 1-0

[Event "HUN-chT2 Barcza 1516"]
[Site "Hungary"]
[Date "2016.03.20"]
[Round "9.12"]
[White "Vagner, Gergo"]
[Black "Kacsandi, Lili Fruzsina"]
[Result "1-0"]
[WhiteElo "1710"]
[BlackElo "1562"]
[PlyCount "77"]
[EventDate "2015.09.13"]
[EventType "team-tourn"]
[EventRounds "11"]
[EventCountry "HUN"]
[SourceTitle "EXT 2017"]
[Source "ChessBase"]
[SourceDate "2016.10.25"]
[SourceVersion "1"]
[SourceVersionDate "2016.10.25"]
[SourceQuality "1"]
[WhiteTeam "Tiszavasvar"]
[BlackTeam "Debrecen Sakkbaratok"]
[WhiteTeamCountry "HUN"]
[BlackTeamCountry "HUN"]

1. Nf3 Nf6 2. d4 g6 3. Nc3 d5 4. Bf4 Bg7 5. e3 0-0 6. Bd3 c5 7. 0-0 Nc6 8. Be2 b6 9. Be5 e6 10. h3 Bb7 11. Rc1 a6 12. Re1 Rc8 13. Bd3 Qe7 14. Na4 Nd7 15. Bxg7 Kxg7 16. dxc5 bxc5 17. c4 Rfe8 18. Qb3 Nb4 19. Be2 Bc6 20. a3 Bxa4 21. Qxa4 Nc6 22. cxd5 exd5 23. Bxa6 Rc7 24. Bb5 Qf6 25. Bxc6 Rxc6 26. Qb3 c4 27. Qc3 Nc5 28. Qxf6+ Kxf6 29. Red1 Nd3 30. Rxd3 Rd6 31. Rxc4 Rb8 32. Rb4 Rxb4 33. axb4 Rb6 34. Rb3 Ke7 35. b5 f6 36. Nd4 Kd6 37. Rc3 Kd7 38. Rc6 Rb8 39. Rxf6 1-0